000 00583nam a2200241 a 4500
001 nice12345678
003 IN_TiNIC
005 20260116015046.0
008 050524s1998 dela grp 000 0 eng
020 _a
_c65
082 0 0 _a331.69
_bSAR
100 _aSarkar, R L
245 _aChristian Tea Garden Workers of Tribal Origin
260 _aDelhi
_bISPCK
_c1998
300 _a127p
500 _aincludes index and biblioraphy
505 2 _aAppendices
650 _aTribes-India-Workers
700 1 _aSarkar, R L
902 _bSRS
942 _cBK
999 _c18137
_d18137